| 000 | 00489nam a2200157 i 4500 | ||
|---|---|---|---|
| 001 | 52878 | ||
| 003 | ES-MaACL | ||
| 005 | 20230906162648.0 | ||
| 007 | t| | ||
| 008 | 030905s1923 gw ||||1| ger d | ||
| 100 | 1 |
_aDeissmann, Adolf. _943260 |
|
| 245 | 1 | 0 |
_aLicht vom Osten _b: das Neue Testament und die neuentdeckten Texte d. hellenist.-römischen Welt / _cAdolf Deissmann. |
| 260 |
_aTübingen : _bJ.C.B. Mohr, _c1923. |
||
| 300 |
_aXVIII, 446 p. ; _c27 cm. |
||
| 852 |
_aES-MaACL _jF-25 |
||
| 999 |
_c52878 _d52878 |
||